Tradición oral del departamento de La Libertad / (Record no. 2935)

000 -CABECERA
fixed length control field 01012nam a22002177a 4500
003 - IDENTIFICADOR DEL NÚMERO DE CONTROL
control field AR-CdUCM
008 - DATOS DE LONGITUD FIJA--INFORMACIÓN GENERAL
fixed length control field 190305b ||||| |||| 00| 0 spa d
040 ## - FUENTE DE LA CATALOGACIÓN
Agencia/entidad que catalogó originalmente la obra MUNICIPALIDAD PROVINCIAL DEL CUSCO
Entidad que transcribió la catalogación BIBLIOTECA MUNICIPAL DEL CUSCO
082 ## - NÚMERO DE LA CLASIFICACIÓN DECIMAL DEWEY
No. de Clasificación 985.14 /
Notacion interna P348
100 ## - ENTRADA PRINCIPAL--NOMBRE DE PERSONA
Nombre Personal Paz Esquerre, Eduardo,
245 ## - MENCIÓN DE TÍTULO
Título Tradición oral del departamento de La Libertad /
260 ## - PUBLICACIÓN, DISTRIBUCIÓN, ETC.
Lugar de publicación, distribución, etc. Trujillo :
Nombre de la editorial, distribuidor, etc. Talls. de Servicios Gráficos de la Sociedad de Beneficencia de Trujillo,
Fecha de publicación, distribución, etc. 1992.
300 ## - DESCRIPCIÓN FÍSICA
Nº de Páginas Extensión 110 paginas ;
Dimensiones 20 cm.
500 ## - NOTA GENERAL
Bibliografía Tradición oral del departamento de la libertad -- tradición oral sobre los reyes del imperio chimu en chan chan, desde sus orígenes -- La fundación sagrada de ciudades del departamento de la libertad -- El tema tradicional del paraíso subterráneo -- Tradiciones símbolos sobre lagunas...
505 ## - NOTA DE CONTENIDO CON FORMATO
Nota de contenido formateada Tradicio
650 ## - PUNTO DE ACCESO ADICIONAL DE MATERIA--TÉRMINO DE MATERIA
Descriptor cultura y tracion
9 (RLIN) 10075
650 ## - PUNTO DE ACCESO ADICIONAL DE MATERIA--TÉRMINO DE MATERIA
Descriptor Departamento La Libertad
9 (RLIN) 10076
650 ## - PUNTO DE ACCESO ADICIONAL DE MATERIA--TÉRMINO DE MATERIA
Descriptor Cultura chimu
9 (RLIN) 10077
942 ## - ELEMENTOS DE PUNTO DE ACCESO ADICIONAL (KOHA)
Fuente de clasificación
Tipo de item Libros-BMC
945 ## - PROCESAMIENTO DE INFORMACIÓN LOCAL (OCLC)
Catalogador wnts
Holdings
Estado de retiro (separado) Fuente de clasificación o esquema de estanterías Estado dañado Ubicación Sala donde se ubica Nombre de la colección Fecha de adquisición o compra Costo, precio normal en soles Signatura topográfica Código de Barras Última vez visto (Koha) Tipo de ítem (Koha)
No     Sala Humanidades Sala Humanidades Book Cart 2019-03-05 20.00 985.14 / P348 SH0000003393 2019-03-05 Libros-BMC

Powered by Koha